عرض عادي عرض مارك
  • Oral communication

مدخل مصطلح موضوعي

عدد التسجيلات المستخدمة في: 1

001 - رقم الضبط

  • حقل الضبط: 19230

003 - معرف رقم الضبط

  • حقل الضبط: OSt

005 - تاريخ ووقت أخر عملية

  • حقل الضبط: 20121229183354.0

008 - عناصر بيانات ثابتة الطول

  • حقل تحكم ثابت الطول: 121229|||a|||||| | ||| d

040 ## - مصدر الفهرسة

  • هيئة الفهرسة الأصلية: OSt
  • وكالة الكتابة: OSt

150 ## - مدخل-- مصطلح تاريخي

  • عنصر مدخل المصطلح الموضوعي او الاسم الجغرافي: Oral communication
  • تفريع عام: Study and teaching
  • تفريع عام: Research.

670 ## - بيانات المصدر موجوده

  • الاستشهاد بالمصدر: Work cat.: (OSt)0: Hughes, Rebecca, 1962- 19228, Teaching and researching speaking /, 2011.